000 00383nam a22001577a 4500
003 MPLRDC
005 20220104123744.0
008 210129b ||||| |||| 00| 0 eng d
082 _a414.5 YYWS
100 _a不详
245 _a中医常用草药中药方剂手册
_c
260 _a
_b医药卫生出版社
_c1972
300 _b
650 _a药性
942 _cBK
_o414.5 YYWS
999 _c13943
_d13933